00410nam a2200157Ia 45000010006000000050017000060080041000230410008000640820018000721000024000902450085001142600009001993000028002086500008002366540008002441005720260306161803.0260306t2006||||xx |||||||||||||| ||spa|| aESP aPE 869.7bL27 aLasarte, PedroeAUT 0aLima satirizada (1598-1698):bMateo Rosas de Oquendo y Juan del Valle y Caviedes c2006 a246 páginas :c21 cm. aGEN aCHU